| 000 | 00594nam a2200181 4500 | ||
|---|---|---|---|
| 001 | 138208 | ||
| 003 | ES-MaACL | ||
| 005 | 20231228205102.0 | ||
| 007 | t| | ||
| 008 | 070214s1956 sp r ||||1| spa d | ||
| 100 | 1 |
_aSánchez-Silva, José María, _d1911-2002 _9102940 |
|
| 245 | 1 | 3 |
_aEl hereje _b: (cuentos para mayores) / _cJosé María Sánchez-Silva ; [ilustraciones de Alvaro Delgado]. |
| 260 |
_aMadrid : _bAfrodisio Aguado, _c1956. |
||
| 300 |
_a113 p. ; _c19 cm. |
||
| 700 | 1 |
_aDelgado, Alvaro. _9186390 |
|
| 852 |
_aES-MaACL _jC-14419 _bR.39797 |
||
| 999 |
_c138208 _d138208 |
||